[Event "Havana Giraldilla op"]
[Site "Havana"]
[Date "2024.08.15"]
[Round "7"]
[White "Palau Tapia, Derek"]
[Black "Reyes Avila, Susej"]
[Result "0-1"]
[WhiteElo "1584"]
[BlackElo "1827"]
[PlyCount "44"]
[EventDate "2024.08.12"]
[EventType "swiss"]
[EventRounds "9"]
[EventCountry "CUB"]
[SourceTitle "CBM 221 Extra"]
[Source "ChessBase"]
[SourceDate "2024.09.30"]
[SourceVersion "1"]
[SourceVersionDate "2024.09.30"]
[SourceQuality "1"]

1. e4 d6 2. d4 Nf6 3. Bd3 Nbd7 4. Nf3 e5 5. c3 Be7 6. 0-0 0-0 7. Be3 c6 8. Nbd2 Re8 9. dxe5 dxe5 10. Qb3 Nc5 11. Bxc5 Bxc5 12. Bc4 Qc7 13. h3 b5 14. Be2 Be6 15. Qc2 Nh5 16. Kh1 Nf4 17. Nb3 Bb6 18. c4 Qc8 19. Ng5 Bxh3 20. Nxh3 Nxh3 21. gxh3 Qxh3+ 22. Kg1 Re6 0-1

[Event "Havana Giraldilla op"]
[Site "Havana"]
[Date "2024.08.13"]
[Round "3"]
[White "Palau Tapia, Derek"]
[Black "Simon Batista, Lorenzo Alexis"]
[Result "0-1"]
[WhiteElo "1584"]
[BlackElo "1885"]
[PlyCount "62"]
[EventDate "2024.08.12"]
[EventType "swiss"]
[EventRounds "9"]
[EventCountry "CUB"]
[SourceTitle "CBM 221 Extra"]
[Source "ChessBase"]
[SourceDate "2024.09.30"]
[SourceVersion "1"]
[SourceVersionDate "2024.09.30"]
[SourceQuality "1"]

1. e4 c5 2. Nf3 d6 3. Bc4 Nf6 4. d3 Nc6 5. h3 e6 6. Bg5 Be7 7. 0-0 h6 8. Bh4 g5 9. Bg3 e5 10. Nbd2 g4 11. hxg4 Bxg4 12. c3 Qd7 13. a3 a6 14. b4 b5 15. Ba2 Rg8 16. Qb3 Be6 17. Qb2 Nh5 18. Kh2 Bxa2 19. Qxa2 Nxg3 20. fxg3 Qg4 21. Ne1 Qxg3+ 22. Kg1 Rg7 23. bxc5 dxc5 24. Qd5 Rc8 25. Rb1 Qe3+ 26. Kh1 Qxd2 27. a4 b4 28. cxb4 cxb4 29. Qc4 Qg5 30. Qxa6 Qh4+ 31. Kg1 Bc5+ 0-1